Chicken Breeds Quiz - Statistics

General Stats
  • This quiz has been taken 199 times
  • The average score is 5 of 10
Answer Stats
Question Answer % Correct
Which of the following breeds is typically used in commercial egg production? Pearl White Leghorn
85%
True or false: Some hens can have spurs. True
78%
If someone said they had a "buff" chicken with "laced" feathering, which of the following chickens is most likely to be the one?
67%
Which of the chickens below is of a breed that lays blue-green eggs?
59%
Are Lavender Orpingtons recognized by the American Poultry Association as a breed? No
52%
The breed most commonly used in commercial meat operations is called a Cornish cross. As the name implies, it is a hybrid chicken made by crossing the Cornish breed with which of the following chicken breeds? White Plymouth Rock
50%
Which of the following breeds is in the Asiatic Class? Brahma
48%
How can one tell a Cuckoo Marans from a Barred Plymouth Rock? Size and leg color
39%
Which of the following chicken breeds does NOT have feathered feet? Crevecoeur
35%
How many full-sized chicken breeds does the American Poultry Association recognize in its Standard of Perfection (as of 2019)? 53
13%
No matching quizzes found
Score Distribution
Percent of People with Each Score
Percentile by Number Answered
Your Score History
You have not taken this quiz